Still an inflation-buster? (Record no. 82898)

MARC details
000 -LEADER
fixed length control field 01077cab a22001935a 4500
001 - CONTROL NUMBER
control field L152169
008 - FIXED-LENGTH DATA ELEMENTS--GENERAL INFORMATION
fixed length control field 110207e20110117xxk 000 0 eng d
035 ## - SYSTEM CONTROL NUMBER
System control number (Sirsi) u152169
041 0# - LANGUAGE CODE
Language code of text/sound track or separate title eng
110 2# - MAIN ENTRY--CORPORATE NAME
Corporate name or jurisdiction name as entry element EuroProperty
9 (RLIN) 1216
245 00 - TITLE STATEMENT
Title Still an inflation-buster?
260 ## - PUBLICATION, DISTRIBUTION, ETC.
Date of publication, distribution, etc. 2011
490 ## - SERIES STATEMENT
Series statement EuroProperty
Volume/sequential designation 17 January 2011, 6-7(2)
520 ## - SUMMARY, ETC.
Summary, etc. Recent studies by Morgan Stanley and the International Property Federation have come to different conclusions about the role of inflation in respect of property investment decisions. Morgan Stanley sees UK inflation staying well above the 2% inflation target in 2011 and advises investors to buy listed property. The International Property Federation has doubts that commercial property can effectively hedge against inflation. The volatility of property returns is not sensitive to inflation but increases with GDP growth. Property stocks do not act as property but as equities.
590 ## - LOCAL NOTE (RLIN)
Local note KA
651 #4 - SUBJECT ADDED ENTRY--GEOGRAPHIC NAME
Geographic name Europe
690 ## - LOCAL SUBJECT ADDED ENTRY--TOPICAL TERM (OCLC, RLIN)
Topical term or geographic name as entry element PROPERTY-COMMERCIAL PROPERTY-COMMERCIAL PROPERTY FINANCE AND INVESTMENT
942 ## - ADDED ENTRY ELEMENTS (KOHA)
Suppress in OPAC 0
Holdings
Withdrawn status Lost status Source of classification or shelving scheme Damaged status Not for loan Home library Current library Shelving location Date acquired Total Checkouts Full call number Barcode Date last seen Copy number Price effective from Koha item type
    Dewey Decimal Classification     London London Journal article 07/02/2011   L152169 152169-1001 06/08/2019 1 06/08/2019 Journal article